000 00679nam a2200241 i 4500
001 9195
003 ES-MaACL
005 20231021062524.0
007 t|
008 930524s1993 sp ||||1| spa d
020 _a84-7223-659-5
080 _a86.0(83)-34"19"
080 _a86.0(83)(Edwards,J.7 F.01)
100 1 _aEdwards, Jorge.
_946673
245 1 0 _aFantasmas de carne y hueso /
_cJorge Edwards.
250 _a1ª ed.
260 _aBarcelona :
_bTusquets,
_c1993.
300 _a239 p. ;
_c21 cm.
490 1 _aColección Andanzas ;
_v183
830 0 0 _aColección Andanzas
_v183
_9234359
852 _aES-MaACL
_jL-16721
_bR.121457
999 _c9195
_d9195